| 000 | 00867nam a22002535a 4500 | ||
|---|---|---|---|
| 003 | OSt | ||
| 005 | 20161220115937.0 | ||
| 008 | 161203s2008 ua frb 000 0 ara d | ||
| 015 | _a2008/3915 | ||
| 040 |
_aEG-ScBUE _bara _cEG-ScBUE |
||
| 043 | _af-ua--- | ||
| 082 | 0 | 4 |
_a345.62 _bس ع د _222 |
| 100 | 1 | _aسعد، رفاعي سيد. | |
| 245 | 1 | 0 |
_aتفسير النصوص الجنائية : _bدراسة مقارنة / _cرفاعي سيد سعد. |
| 250 | _aط. 2. | ||
| 260 |
_aالقاهرة : _bدار النهضة العربية، _c2008. |
||
| 300 |
_a596 ص. ؛ _c24 سم. |
||
| 504 | _aيشتمل على إرجاعات ببليوجرافية. | ||
| 650 | 7 |
_aقانون العقوبات _zمصر. _2BUEsh _941137 |
|
| 650 | 7 |
_aقانون العقوبات (فقه إسلامي) _2BUEsh |
|
| 651 | _2BUEsh | ||
| 653 |
_bLLAAWW _cDecember2016 |
||
| 942 | _2ddc | ||
| 999 |
_c23422 _d23394 |
||